| 000 | 00788nam a2200181Ia 4500 | ||
|---|---|---|---|
| 008 | 090630s9999 xx 000 0 und d | ||
| 082 | _b15783 | ||
| 100 | _aकुळकर्णी नलिनी. | ||
| 245 |
_aकांगो कुमार कादंबरी माला भाग 4. _cकुळकर्णी नलिनी. |
||
| 260 | _bअक्षय साहित्य - पुणे. | ||
| 300 | _a0 | ||
| 600 | _aकुळकर्णी नलिनी. | ||
| 630 | _aकांगो कुमार कादंबरी माला भाग 4. | ||
| 655 | _aबालवाङमय. | ||
| 700 | _aकुळकर्णी नलिनी. | ||
| 730 | _aकांगो कुमार कादंबरी माला भाग 4. | ||
| 942 | _cBOOK | ||
| 999 |
_c267639 _d267639 |
||